League of Legends (LoL) - EU LCS/LEC Champions - Statistics

General Stats
  • This quiz has been taken 3,802 times
    261 since last reset
  • The average score is 41 of 64
Answer Stats
Answer % Correct
G2 Esports
99%
Fnatic
98%
Caps
95%
Karmine Corp
92%
BrokenBlade
90%
Hans Sama
90%
Movistar KOI
89%
Perkz
89%
Mikyx
88%
MAD Lions
87%
Rekkles
87%
Jankos
86%
Rogue
86%
Wunder
84%
Yike
84%
sOAZ / Bwipo
82%
Labrov
81%
Caliste
80%
Elyoya
80%
SkewMond
80%
xPeke
78%
Targamas
76%
Humanoid
74%
Canna
73%
Jojopyun
73%
sOAZ
73%
Carzzy
72%
Hylissang
72%
Supa
72%
Vladi
72%
Larssen
70%
YellOwStaR
70%
Alvaro
69%
Broxah
67%
Myrwn
64%
Odoamne
64%
Malrang
63%
Flakked
62%
Trymbi
62%
Armut
61%
Alliance
57%
Comp
57%
Huni
56%
Kaiser
56%
Nisqy
56%
Cyanide
54%
Febiven
47%
ReignOver
47%
Zven
46%
Froggen
42%
Mithy
42%
Trick
41%
Chasy
38%
Steeelback
36%
Kikis
35%
Expect
31%
Emperor
28%
Hybrid
25%
Shook
24%
nRated
23%
Tabzz
21%
Wickd
21%
puszu
20%
Nyph
19%
No matching quizzes found
Score Distribution
Percent of People with Each Score
Percentile by Number Answered
Your Score History
You have not taken this quiz since the last reset